| 000 | 00519nam a2200217Ia 4500 | ||
|---|---|---|---|
| 003 | LK-CoDNM | ||
| 005 | 20240823093039.0 | ||
| 008 | 010623t xxu||||| |||| 00| 1 eng d | ||
| 040 |
_aLK-CoDNM _dLK-CoDNM _eLK-CoDNM |
||
| 041 | _aeng | ||
| 080 |
_a9 _bI25 |
||
| 100 | _aMilne,J.G. | ||
| 245 | _aCoin Collecting | ||
| 260 | _bOxford University Press | ||
| 300 | _bxii, 152p. : 44Pl ; 20 cm | ||
| 650 | _aGreek | ||
| 650 | _aRoman | ||
| 700 | _aSutherland,C.H.V. | ||
| 700 | _aThompson,J.D.A. | ||
| 942 | _cBK | ||
| 999 |
_c134040 _d134040 |
||